000 00501nam a2200181Ia 4500
003 GCL
008 140319s9999 xx 000 0 ara d
040 _aGCL /
_cGCL
082 0 4 _aد
_b050
100 1 _aفتحى سلامة
245 1 0 _aصوت من الجانب الاخر ( اقرا 490 ) /
_cفتحى سلامة
300 _a114 ص
490 _aاقرأ
_v0
650 0 4 _aالادب العربى
650 0 4 _aالمقالات العربية
650 0 4 _aالمقالات
942 _2ddc
_cBK
999 _c49863
_d49863